| 000 | 01432cad a22002535a 4500 | ||
|---|---|---|---|
| 001 | L148916 | ||
| 008 | 091130s2009 xxkab f 000 0 eng d | ||
| 035 | _a(Sirsi) u148916 | ||
| 041 | 0 | _aeng | |
| 050 | 0 | 4 | _a333.72 $2 18 |
| 100 | 2 | _aHartenberger, Ursula | |
| 245 | 0 | 0 |
_aRICS UK climate change action plan _h[electronic resource] |
| 260 |
_aLondon _bRICS _c2009 |
||
| 490 | 0 |
_aRICS Policy _vNovember 2009 |
|
| 505 | 2 | _aExecutive summary -- Message from RICS Chief Executive -- Climate change: why should RICS and its members be involved -- RICS global actions on climate change -- Climate change action plan: UK nations and regions -- UK policy context: RICS response to date on climate change - a status report; RICS across the nations and regions of the UK -- Acknowledgements and references | |
| 520 | _aSets out, in the context of current global policy across the world regions, why the property profession needs to engage actively on climate change. It identifies the principles RICS will apply to focus its activity within the UK and sets out the key elements of a work plan for the next 12 months. | ||
| 521 | _aAdvanced | ||
| 590 | _aKA | ||
| 651 | 4 |
_aUnited Kingdom _y |
|
| 690 | _aENVIRONMENTAL AND LAND CONSULTANCY-SUSTAINABILITY | ||
| 700 | 1 | _aCook, Daniel | |
| 856 | 4 | 0 |
_uhttps://www.rics.org/site/scripts/download_info.aspx?fileID=5147 _zView the action plan free of charge at www.rics.org... |
| 942 | _n0 | ||
| 999 |
_c110285 _d110285 |
||